000 00453nam a22001811a 4500
001 4089
003 OSt
005 20260204211915.0
008 050620s2001||||dr ||||||b||||||||||spa||
050 _aRD 510 M414p
245 _aMatemática para la educación media: Libro 3 / Julián Santana
250 _a2
264 _aSanto Domingo: Editora Teófilo
300 _a388 p
650 _a1.Matemática
700 _aSantana JuliánÌ
942 _2ddc
_cBK
999 _c4089
_d4089